00696nam a2200181Ia 4500008004100000020001800041041000800059082001600067100002600083245004800109260002800157300000800185365001600193700006900209906005400278999001900332952016300351230718s9999 xx 000 0 und d a9788126527724 aeng a813.54bMAR aMarkopolos H.9175206 aNo Would Listen:bA True Financial Thriller c2010bTimes Group books a354 cRs.b649.00 aMarkopolos H., Casey F., Chelo N. & Kachroo G. And Other9191732 dO:0139816-Dec-2010B:641029-Nov-2010cCOMPb162.25 c326646d326646 00104070aCCEPbCCEPd2010-12-16eTbsfCOMPg486.75i6410l3o813.54pCCEP-BK-37853r2026-02-25 11:18:51s2026-02-11t162.25v649.00w2010-11-29yBKz037853